Faculty of Law Library — Cairo University

Official Online Catalog

الجريمة حقيقتها وأسسها العامة : (Record no. 61656)

MARC details
000 -LEADER
fixed length control field 01443nam a2200349 i 4500
003 - CONTROL NUMBER IDENTIFIER
control field EG-GICUC
005 - DATE AND TIME OF LATEST TRANSACTION
control field 20260218163143.0
008 - FIXED-LENGTH DATA ELEMENTS--GENERAL INFORMATION
fixed length control field 260208s2006 ua ||||fr|||| 00| 0 ara d
017 ## - COPYRIGHT OR LEGAL DEPOSIT NUMBER
Copyright or legal deposit number 2734
040 ## - CATALOGING SOURCE
Original cataloging agency EG-GICUC
Language of cataloging ara
Transcribing agency EG-GICUC
Modifying agency EG-GICUC
Description conventions rda
041 ## - LANGUAGE CODE
Language code of text/sound track or separate title ara
082 04 - DEWEY DECIMAL CLASSIFICATION NUMBER
Edition number 21
Classification number 255
Item number ح س . ج
092 04 - LOCALLY ASSIGNED DEWEY CALL NUMBER (OCLC)
Edition number 21
099 ## - LOCAL FREE-TEXT CALL NUMBER (OCLC)
Classification number Law1 01 255 ح س . ج2006
100 0# - MAIN ENTRY--PERSONAL NAME
Personal name حسن على الشاذلى
Relator term مؤلف.
245 12 - TITLE STATEMENT
Title الجريمة حقيقتها وأسسها العامة :
Remainder of title دراسة مقارنة فى الفقه الاسلامى ومقابلة بالنظم الوضعية /
Statement of responsibility, etc. تأليف حسن على الشاذلى.
Number of part/section of a work (1)،
Name of part/section of a work النظرية العامة للجريمة.
264 #1 - PRODUCTION, PUBLICATION, DISTRIBUTION, MANUFACTURE, AND COPYRIGHT NOTICE
Place of production, publication, distribution, manufacture الاسكندرية :
Name of producer, publisher, distributor, manufacturer دار الكتاب الجامعى،
Date of production, publication, distribution, manufacture, or copyright notice 2006.
300 ## - PHYSICAL DESCRIPTION
Extent 878 صفحة ;
Dimensions 24 سم.
336 ## - CONTENT TYPE
Source rda content
Content type term text
337 ## - MEDIA TYPE
Source rda media
Media type term Computer
338 ## - CARRIER TYPE
Source rda carrier
Carrier type term Online Resource
490 ## - SERIES STATEMENT
Series statement أبحاث الجنايات فى الفقه الإسلامى المقارن ;
504 ## - BIBLIOGRAPHY, ETC. NOTE
Bibliography, etc. note يشتمل على إرجاعات ببليوجرافية.
546 ## - LANGUAGE NOTE
Language note النص باللغة العربية
650 1# - SUBJECT ADDED ENTRY--TOPICAL TERM
Topical term or geographic name entry element القانون الجنائي
650 1# - SUBJECT ADDED ENTRY--TOPICAL TERM
Topical term or geographic name entry element النظام الجنائي الإسلامي
650 1# - SUBJECT ADDED ENTRY--TOPICAL TERM
Topical term or geographic name entry element الجريمة
650 1# - SUBJECT ADDED ENTRY--TOPICAL TERM
Topical term or geographic name entry element الفقه الاسلامى
856 40 - ELECTRONIC LOCATION AND ACCESS
Uniform Resource Identifier <a href="https://fll.law.cu.edu.eg/fulltext/bks/B10-08045.pdf">https://fll.law.cu.edu.eg/fulltext/bks/B10-08045.pdf</a>
905 ## - Cataloger and Reviser Names
Cataloger Name: Gomana
942 ## - ADDED ENTRY ELEMENTS (KOHA)
Source of classification or shelving scheme Dewey Decimal Classification
Suppress in OPAC No
Koha item type Books
Edition 21
Holdings
Withdrawn status Lost status Source of classification or shelving scheme Materials specified (bound volume or other part) Damaged status Not for loan Collection Home library Current library Date acquired Total checkouts Full call number Barcode Date last seen Copy number Price effective from Koha item type
    Dewey Decimal Classification V1     الشريعة الإسلامية جــــامعة القــاهرة جــــامعة القــاهرة 08.02.2026   Law1 01 255 ح س . ج2006 0105271 V1, C2 B01-05271 08.02.2026 2 08.02.2026 Books
    Dewey Decimal Classification V1   Not for loan الشريعة الإسلامية جــــامعة القــاهرة مكتبة كلية الحقوق - المبنى الرئيسي 08.02.2026   Law1 01 255 ح س . ج2006 0105270 V1, C1 B01-05270 08.02.2026 1 08.02.2026 Books
    Dewey Decimal Classification V1     الشريعة الإسلامية جــــامعة القــاهرة مكتبة كلية الحقوق - فـرع الشيخ زايد 08.02.2026   Law2 01 255 ح س . ج2006 0105272 V1, C3 B01-05272 08.02.2026 3 08.02.2026 Books

© All rights reserved — Faculty of Law, Cairo University